| 000 | 01085cam a22002773a 4500 | ||
|---|---|---|---|
| 001 | 5779 | ||
| 003 | PGUSA | ||
| 005 | 20140828083124.0 | ||
| 008 | 040501s2004||||xxu|||||s|||||000 1 eng d | ||
| 040 |
_aPGUSA _beng |
||
| 042 | _adc | ||
| 050 | 4 | _aPG | |
| 100 | 1 |
_aAndreyev, Leonid, _d1871-1919 |
|
| 245 | 1 | 4 |
_aThe Crushed Flower and other stories _h[electronic resource] / _cLeonid Andreyev |
| 260 |
_bProject Gutenberg, _c2004 |
||
| 505 | 0 | _aThe crushed flower -- A story which will never be finished -- On the day of the crucifixion -- The serpent's story -- Love, faith and hope -- The ocean -- Judas Iscariot and others -- "The man who found the truth." | |
| 506 | _aPublic domain in the USA. | ||
| 516 | _aElectronic text | ||
| 653 | _aAndreyev, Leonid, 1871-1919 -- Translations into English | ||
| 653 | _aShort stories, Russian -- Translations into English | ||
| 653 | _aRussian fiction -- Translations into English | ||
| 700 | 1 |
_aBernstein, Herman, _d1876-1935 |
|
| 830 | 0 |
_aProject Gutenberg _v5779 |
|
| 856 | 4 | 0 | _uhttp://www.gutenberg.org/ebooks/5779 |
| 942 | _cEB | ||
| 999 |
_c235107 _d235107 |
||